El arte de amar : las metamorfosis /

Guardado en:
Autor Principal: Ovidio
Formato: Libro
Publicado: Barcelona : Iberia, 1955
Series:Obras Maestras
Materias:
Etiquetas: Agregar Etiqueta
Sin Etiquetas, Sea el primero en etiquetar este registro!
LEADER 00509nam a22001935a 4500
001 CEM.cems004819
005 20060217000000.0
008 130507s1955##################000#0#####d
003 CEMS
082 0 4 |a 871 
100 1 |a Ovidio 
245 1 0 |a El arte de amar :  |b las metamorfosis / 
260 |a Barcelona :  |b Iberia,  |c 1955 
300 |a 323 p. 
490 0 |a Obras Maestras 
653 |a Literatura 
653 |a Literatura latina 
653 |a Poesia latina 
859 |a CEMS  |b BIB. CEMS - 11 de abril  |h 871  |i Ov-2  |p 9233.81  |t Ej.1